[Event "GER-ch U14 Girls"]
[Site "Willingen"]
[Date "2023.05.29"]
[Round "3"]
[White "Rabe, Elina"]
[Black "Chandrasekher, Ritu"]
[Result "0-1"]
[WhiteElo "1066"]
[BlackElo "1268"]
[PlyCount "104"]
[EventDate "2023.05.27"]
[EventType "swiss"]
[EventRounds "9"]
[EventCountry "GER"]
[SourceTitle "CBM 214 Extra"]
[Source "ChessBase"]
[SourceDate "2023.07.31"]
[SourceVersion "1"]
[SourceVersionDate "2023.07.31"]
[SourceQuality "1"]

1. e4 c6 2. d4 d5 3. f3 dxe4 4. fxe4 e6 5. Nf3 c5 6. Nc3 Nd7 7. Bc4 a6 8. a4 Nb6 9. Be2 Nf6 10. 0-0 cxd4 11. Nxd4 Bc5 12. e5 Qxd4+ 13. Kh1 Qxe5 14. Bf4 Qd4 15. Qe1 Ne4 16. Nxe4 0-0 17. Nc3 Nd7 18. Qd2 Qb4 19. Rab1 Nf6 20. h3 Bd7 21. b3 Rad8 22. Nd1 Qxd2 23. Bxd2 Bc6 24. Bg5 Be7 25. Ne3 h6 26. Bh4 g5 27. Bg3 Bc5 28. Rxf6 Bxe3 29. Bd3 h5 30. Be5 Bd4 31. Bxd4 Rxd4 32. Re1 Kg7 33. Rf2 Re8 34. Ref1 Re7 35. Be2 h4 36. Bh5 f5 37. Bf3 Bxf3 38. Rxf3 Rd2 39. R1f2 Rxf2 40. Rxf2 f4 41. Kg1 e5 42. Kf1 e4 43. Ke2 Rc7 44. Kd1 e3 45. Re2 Kf6 46. Re1 Rd7+ 47. Kc1 Ke5 48. Re2 Kd4 49. Kb2 Ke4 50. Kc3 f3 51. gxf3+ Kxf3 52. Re1 e2 0-1

[Event "GER-ch Youth-C"]
[Site "Willingen"]
[Date "2022.06.11"]
[Round "9"]
[White "Kulgemeyer, Justus"]
[Black "Rabe, Elina"]
[Result "1-0"]
[WhiteElo "797"]
[BlackElo "764"]
[PlyCount "37"]
[EventDate "2022.06.04"]
[EventType "swiss"]
[EventRounds "9"]
[EventCountry "GER"]
[SourceTitle "CBM 208 Extra"]
[Source "ChessBase"]
[SourceDate "2022.07.31"]
[SourceVersion "1"]
[SourceVersionDate "2022.07.31"]
[SourceQuality "1"]

1. d4 d5 2. Nc3 Nf6 3. Bf4 Nc6 4. Nb5 Kd7 5. Nxc7 Rb8 6. Nxd5 Nxd5 7. Bxb8 Nxb8 8. e4 Nf4 9. Qg4+ Ke8 10. Qxf4 Nc6 11. Bb5 Bd7 12. Bc4 f6 13. Nf3 h6 14. Ne5 Nxe5 15. dxe5 Bc6 16. exf6 gxf6 17. Qf5 e5 18. Qg6+ Kd7 19. 0-0-0+ 1-0

[Event "GER-ch Youth-C"]
[Site "Willingen"]
[Date "2022.06.10"]
[Round "8"]
[White "Rabe, Elina"]
[Black "Wolf, Adam"]
[Result "0-1"]
[WhiteElo "764"]
[BlackElo "926"]
[PlyCount "62"]
[EventDate "2022.06.04"]
[EventType "swiss"]
[EventRounds "9"]
[EventCountry "GER"]
[SourceTitle "CBM 208 Extra"]
[Source "ChessBase"]
[SourceDate "2022.07.31"]
[SourceVersion "1"]
[SourceVersionDate "2022.07.31"]
[SourceQuality "1"]

1. e4 e5 2. Nf3 Nc6 3. Bc4 Nf6 4. Nc3 Nxe4 5. Nxe4 d5 6. Neg5 dxc4 7. h3 Be7 8. d3 cxd3 9. Qxd3 Qxd3 10. cxd3 h6 11. Ne4 f5 12. Ned2 Kf7 13. 0-0 Rd8 14. b3 Rxd3 15. Bb2 e4 16. Ne5+ Nxe5 17. Rfd1 Bf6 18. Bxe5 Bxe5 19. Nc4 Bxa1 20. Rxa1 Kf6 21. f3 exf3 22. gxf3 Rxf3 23. Kg2 Rc3 24. Na3 b6 25. Nc4 Bb7+ 26. Kg1 Rxh3 27. Rf1 Rh1+ 28. Kf2 Rxf1+ 29. Kxf1 Ba6 30. Ke2 Bxc4+ 31. bxc4 Rg8 0-1

[Event "GER-ch Youth-C"]
[Site "Willingen"]
[Date "2022.06.06"]
[Round "3"]
[White "Moissl, Julian"]
[Black "Rabe, Elina"]
[Result "1-0"]
[WhiteElo "1146"]
[BlackElo "764"]
[PlyCount "43"]
[EventDate "2022.06.04"]
[EventType "swiss"]
[EventRounds "9"]
[EventCountry "GER"]
[SourceTitle "CBM 208 Extra"]
[Source "ChessBase"]
[SourceDate "2022.07.31"]
[SourceVersion "1"]
[SourceVersionDate "2022.07.31"]
[SourceQuality "1"]

1. d4 d5 2. c4 e6 3. Nc3 Nf6 4. Bg5 Be7 5. Nf3 Nc6 6. e3 0-0 7. Bd3 Qd6 8. 0-0 e5 9. Nb5 Qd7 10. dxe5 Ne4 11. Bxe7 Qxe7 12. cxd5 Nxe5 13. Bxe4 Ng6 14. Qc2 c5 15. dxc6 b6 16. c7 Bb7 17. Bxb7 Rae8 18. c8Q Rxc8 19. Bxc8 Rd8 20. Rfd1 Rxd1+ 21. Rxd1 h6 22. Bf5 1-0